000 00921nam a2200253Ia 4500
003 OSt
005 20221005103609.0
006 a|||||r|||| 00| 0
007 ta
008 221004b |||||||| |||| 00| 0 hin d
020 _a8185246416 (hbk)
_c300
024 _a102885
037 _b463, 12/02/2010, Eastern Book Linkers
_cTextual
040 _aCRL
_cCRL
_bhin
041 _2hin
_ahin
082 _aQ1:g(A), 152P0
100 _aद्विवेदी, कपिलदेव
245 0 _aवेदों में विज्ञान
246 _aVedoan mean vijnyāna
260 _aज्ञानपुर
_bविýभारती अनुसंधान परिषद् भारत
_c2000
300 _a304पृ0
_ccm.
942 _hQ1:g(A), 152P0
_cTEXL
_2cc
999 _c1010389
_d1010389